Guess the Taylor Swift Song by the Lyrics #5 - Statistics

General Stats
  • This quiz has been taken 47 times
  • The average score is 385 of 564
Answer Stats
LYRICS % Correct
I
100%
me
100%
Me
100%
To
100%
to
100%
you
100%
You
100%
your
97%
a
95%
He
95%
he
95%
(He
95%
it
95%
love
95%
the
95%
The
95%
We
95%
I'm
92%
and
90%
And
90%
in
90%
my
90%
No
90%
no
90%
On
90%
when
90%
is
87%
see
87%
For
85%
for
85%
her
85%
his
85%
It's
85%
it's
85%
not
85%
Not
85%
of
85%
Of
85%
don't
82%
I'll
82%
Too
82%
too
82%
was
82%
Who
82%
him
79%
how
79%
if
79%
If
79%
that
79%
were
79%
can
77%
Cause
77%
had
77%
one
77%
say
77%
they
77%
They
77%
What
77%
all
74%
All
74%
But
74%
but
74%
know
74%
like
74%
oh
74%
should
74%
Then
74%
with
74%
at
72%
baby
72%
I'd
72%
just
72%
Just
72%
some
72%
this
72%
can't
69%
Down
69%
down
69%
ever
69%
never
69%
up
69%
want
69%
are
67%
Daddy
67%
daddy
67%
heart
67%
Now
67%
now
67%
only
67%
tell
67%
havin'
64%
mine
64%
faces
62%
something
62%
won
62%
dress
59%
from
59%
good
59%
he's
59%
life
59%
right
59%
Screamin'
59%
thing
59%
Time
59%
does
56%
girl
56%
hate
56%
runnin'
56%
back
54%
more
54%
out
54%
people
54%
sun
54%
their
54%
beat
51%
best
51%
coming
51%
Even
51%
eyes
51%
forget
51%
fun
51%
God
51%
high
51%
loves
51%
most
51%
Than
51%
these
51%
try
51%
boy
49%
come
49%
crazy
49%
save
49%
unbuttoned
49%
West
49%
alone
46%
away
46%
cage
46%
door
46%
heard
46%
listen
46%
mess
46%
rise
46%
second
46%
senses
46%
sometimes
46%
Thinkin'
46%
through
46%
wanted
46%
whole
46%
world
46%
above
44%
ain't
44%
burn
44%
city
44%
fences
44%
horse
44%
into
44%
name
44%
over
44%
rather
44%
Stay
44%
Sunday
44%
tellin'
44%
There's
44%
true
44%
what's
44%
bitchin'
41%
bout
41%
came
41%
change
41%
gotta
41%
Growin'
41%
growin'
41%
hall
41%
Hannahs
41%
knows
41%
means
41%
moanin'
41%
raise
41%
Sarahs
41%
simple
41%
things
41%
touches
41%
Went
41%
wild
41%
chaos
38%
choice
38%
learned
38%
Lord
38%
much
38%
pray
38%
Protested
38%
slammed
38%
Soon
38%
still
38%
town
38%
wedding
38%
around
36%
Bedroom
36%
chemistry
36%
clothing
36%
Clutchin'
36%
dancin'
36%
daughter
36%
disgrace
36%
doesn't
36%
dressed
36%
elders
36%
enough
36%
heat
36%
lady
36%
laid
36%
pearls
36%
performing
36%
plans
36%
revelry
36%
revelry)
36%
screeching
36%
sighing
36%
undo
36%
words
36%
cater
33%
counteract
33%
creeps
33%
Dutiful
33%
em
33%
floor
33%
judgmental
33%
lot
33%
lovers
33%
remedy
33%
tires
33%
vipers
33%
white
33%
woven
33%
destiny
31%
fuck
31%
give
31%
having
31%
holdin'
31%
noise
31%
perspective
31%
smiles
31%
Tendrils
31%
braid
28%
closer
28%
convened
28%
died
28%
fakest
28%
funny
28%
parents
28%
precocious
28%
pride
28%
Sanctimoniously
28%
soliloquies
28%
tucked
28%
upon
28%
Bestow
26%
brings
26%
empath's
26%
saboteurs
26%
Scandal
26%
gray
23%
moms
23%
joy
21%
wine
21%
No matching quizzes found
Score Distribution
Percent of People with Each Score
Percentile by Number Answered
Your Score History
You have not taken this quiz